000 00598nam a2200229Ia 4500
003 OSt
005 20220928111143.0
006 a|||||r|||| 00| 0
007 ta
008 220927b |||||||| |||| 00| 0 eng d
024 _a51114
037 _cTextual
040 _aSDCL
_cSDCL
_beng
041 _2eng
_aeng
082 _aY:1.2'C, L8
100 _aSahaye Shivsavrup
_9421836
245 0 _aPrachin bhartia sanskriti
260 _aVaranasi
_bShisha Prakashan
_c1978
300 _a60p.
_ccm.
942 _hY:1.2'C, L8
_cTEXL
_2CC
999 _c738171
_d738171